[Event "WC-2018-P-00007"]
[Site "LSS email"]
[Date "2018.01.22"]
[Round "?"]
[White "Davydov, Andrej"]
[Black "Sloboda, Vasilij"]
[Result "1/2-1/2"]
[WhiteElo "2222"]
[BlackElo "2190"]
[PlyCount "49"]
[EventDate "2018.02.01"]
[EventType "tourn (corr)"]
[EventRounds "12"]
[EventCountry "GER"]
[SourceTitle "Corr 2022"]
[Source "ChessBase"]
[SourceDate "2021.10.24"]
[SourceVersion "1"]
[SourceVersionDate "2021.10.24"]
[SourceQuality "1"]

1. d4 d5 2. c4 c6 3. Nf3 Nf6 4. e3 e6 5. Nc3 Nbd7 6. Qc2 Bd6 7. Bd3 0-0 8. 0-0 dxc4 9. Bxc4 a6 10. Bd3 c5 11. Rd1 Qc7 12. h3 cxd4 13. exd4 b5 14. Ne4 Qxc2 15. Bxc2 Be7 16. Ne5 Bb7 17. Bg5 Rfc8 18. Nxd7 Nxd7 19. Bb3 Kf8 20. Bxe7+ Kxe7 21. f3 Bd5 22. Bxd5 exd5 23. Nc3 Kd6 24. Rdc1 Nf8 25. Ne2 1/2-1/2

[Event "WC-2018-P-00007"]
[Site "LSS email"]
[Date "2018.01.22"]
[Round "?"]
[White "Sloboda, Vasilij"]
[Black "Davydov, Andrej"]
[Result "1/2-1/2"]
[WhiteElo "2190"]
[BlackElo "2222"]
[PlyCount "45"]
[EventDate "2018.02.01"]
[EventType "tourn (corr)"]
[EventRounds "12"]
[EventCountry "GER"]
[SourceTitle "Corr 2022"]
[Source "ChessBase"]
[SourceDate "2021.10.24"]
[SourceVersion "1"]
[SourceVersionDate "2021.10.24"]
[SourceQuality "1"]

1. Nf3 Nf6 2. c4 e6 3. Nc3 d5 4. d4 Be7 5. Bg5 h6 6. Bh4 0-0 7. e3 b6 8. Be2 Bb7 9. Bxf6 Bxf6 10. cxd5 exd5 11. 0-0 Nd7 12. Qb3 c6 13. Rfe1 Re8 14. Rad1 Nf8 15. Bf1 Ne6 16. g3 Rc8 17. Bg2 c5 18. dxc5 Nxc5 19. Qa3 Be7 20. b4 Na6 21. Nxd5 Bxd5 22. Qxa6 Bxb4 23. Qa4 1/2-1/2

[Event "RA-2017-0-00549"]
[Site "LSS email"]
[Date "2017.11.06"]
[Round "?"]
[White "Mostowik, Daniel"]
[Black "Sloboda, Vasilij"]
[Result "1/2-1/2"]
[WhiteElo "2133"]
[BlackElo "2181"]
[PlyCount "61"]
[EventDate "2017.10.19"]
[EventType "tourn (corr)"]
[EventRounds "6"]
[EventCountry "GER"]
[SourceTitle "Corr 2022"]
[Source "ChessBase"]
[SourceDate "2021.10.24"]
[SourceVersion "1"]
[SourceVersionDate "2021.10.24"]
[SourceQuality "1"]

1. d4 d5 2. Nf3 c6 3. c4 Nf6 4. Nc3 e6 5. Bg5 h6 6. Bxf6 Qxf6 7. e3 Nd7 8. Bd3 dxc4 9. Bxc4 g6 10. 0-0 Bg7 11. Rc1 0-0 12. e4 e5 13. d5 Nb6 14. dxc6 bxc6 15. Be2 h5 16. Qc2 Bg4 17. Na4 Bh6 18. Nxb6 axb6 19. Qxc6 Qxc6 20. Rxc6 Rfc8 21. Rxb6 Rxa2 22. h3 Bxf3 23. Bxf3 Bc1 24. b4 Rcc2 25. Rb5 Bf4 26. g3 Bh6 27. Rxe5 Rxf2 28. Re8+ Kg7 29. Rxf2 Be3 30. e5 Rxf2 31. Bg2 1/2-1/2

[Event "RA-2017-0-00549"]
[Site "LSS email"]
[Date "2017.11.06"]
[Round "?"]
[White "Sloboda, Vasilij"]
[Black "Borisovs, Leonids"]
[Result "1-0"]
[WhiteElo "2181"]
[BlackElo "2147"]
[PlyCount "109"]
[EventDate "2017.10.19"]
[EventType "tourn (corr)"]
[EventRounds "6"]
[EventCountry "GER"]
[SourceTitle "Corr 2022"]
[Source "ChessBase"]
[SourceDate "2021.10.24"]
[SourceVersion "1"]
[SourceVersionDate "2021.10.24"]
[SourceQuality "1"]

1. Nf3 Nf6 2. c4 g6 3. Nc3 Bg7 4. e4 d6 5. d4 0-0 6. Be2 Na6 7. 0-0 e5 8. Be3 c6 9. d5 Ng4 10. Bg5 f6 11. Bh4 Nc7 12. dxc6 bxc6 13. Qa4 c5 14. Rad1 g5 15. Bg3 a5 16. Nb5 Ra6 17. h4 Ne6 18. Rd5 gxh4 19. Nxh4 Nh6 20. Rfd1 Nd4 21. Nxd4 exd4 22. Qa3 Kh8 23. Re1 f5 24. Nxf5 Nxf5 25. exf5 Re8 26. Qa4 Bf6 27. Bxd6 Bb7 28. Bc7 Qe7 29. Qb5 Ra7 30. Bxa5 Bxd5 31. cxd5 Rxa5 32. Qxa5 d3 33. d6 Qxd6 34. Bd1 Rxe1+ 35. Qxe1 Bxb2 36. Qe4 Bd4 37. Bb3 Kg7 38. Qg4+ Kf8 39. Qg8+ Ke7 40. Qxh7+ Kd8 41. Qh4+ Bf6 42. Qa4 d2 43. g4 Be7 44. Qa8+ Kc7 45. Bd1 c4 46. Qe4 c3 47. Kg2 Kd8 48. Qa8+ Kd7 49. Qa4+ Kc8 50. Qc4+ Kd7 51. Qxc3 Qd5+ 52. f3 Bc5 53. a4 Bb6 54. Qg7+ Kc8 55. Qf8+ 1-0

[Event "RA-2017-0-00549"]
[Site "LSS email"]
[Date "2017.11.06"]
[Round "?"]
[White "Sloboda, Vasilij"]
[Black "Rheinstaedtler, Klaus"]
[Result "1/2-1/2"]
[WhiteElo "2181"]
[BlackElo "2200"]
[PlyCount "49"]
[EventDate "2017.10.19"]
[EventType "tourn (corr)"]
[EventRounds "6"]
[EventCountry "GER"]
[SourceTitle "Corr 2022"]
[Source "ChessBase"]
[SourceDate "2021.10.24"]
[SourceVersion "1"]
[SourceVersionDate "2021.10.24"]
[SourceQuality "1"]

1. Nf3 c5 2. c4 Nf6 3. Nc3 e6 4. g3 b6 5. Bg2 Bb7 6. 0-0 Be7 7. Re1 d5 8. cxd5 Nxd5 9. Nxd5 Qxd5 10. d4 cxd4 11. Qxd4 0-0 12. Bg5 Bxg5 13. Qxd5 Bxd5 14. Nxg5 Bxg2 15. Kxg2 Na6 16. Rac1 Rfd8 17. Rc4 h6 18. Nf3 f6 19. Rec1 e5 20. b4 b5 21. R4c2 Nxb4 22. Rb2 Nd5 23. Rxb5 Rab8 24. Rxb8 Rxb8 25. Rc5 1/2-1/2

[Event "SA-2017-0-00605"]
[Site "LSS email"]
[Date "2017.11.05"]
[Round "?"]
[White "Rheinstaedtler, Klaus"]
[Black "Sloboda, Vasilij"]
[Result "0-1"]
[WhiteElo "2200"]
[BlackElo "2188"]
[PlyCount "82"]
[EventDate "2017.10.16"]
[EventType "tourn (corr)"]
[EventRounds "6"]
[EventCountry "GER"]
[SourceTitle "Corr 2022"]
[Source "ChessBase"]
[SourceDate "2021.10.24"]
[SourceVersion "1"]
[SourceVersionDate "2021.10.24"]
[SourceQuality "1"]

1. e4 e6 2. d4 d5 3. Nd2 Be7 4. Bd3 c5 5. dxc5 Nf6 6. Qe2 0-0 7. Ngf3 a5 8. 0-0 Na6 9. e5 Nd7 10. c3 Naxc5 11. Bc2 b5 12. Nd4 Qb6 13. f4 b4 14. Rf3 g6 15. Rh3 Ba6 16. Qf2 f5 17. Kh1 Rfc8 18. Qg1 Nf8 19. cxb4 axb4 20. a4 Bc4 21. b3 Ba6 22. N2f3 Ne4 23. Bd1 Rc3 24. Ne1 Qc7 25. Nec2 Rxh3 26. gxh3 Qc3 27. Qe3 Bd3 28. Qe1 g5 29. fxg5 Qc7 30. Be3 Rc8 31. Qg1 f4 32. Bxf4 Ng6 33. Be3 Qxe5 34. Ne1 Nxg5 35. Bxg5 Be4+ 36. Bf3 Bxg5 37. Bxe4 Qxe4+ 38. Nef3 Be3 39. Qg4 Rf8 40. Re1 Rf4 41. Qg2 e5 0-1

[Event "SA-2017-0-00605"]
[Site "LSS email"]
[Date "2017.11.04"]
[Round "?"]
[White "Sloboda, Vasilij"]
[Black "Willmann, Bernd"]
[Result "1/2-1/2"]
[WhiteElo "2188"]
[BlackElo "2285"]
[PlyCount "73"]
[EventDate "2017.10.16"]
[EventType "tourn (corr)"]
[EventRounds "6"]
[EventCountry "GER"]
[SourceTitle "Corr 2022"]
[Source "ChessBase"]
[SourceDate "2021.10.24"]
[SourceVersion "1"]
[SourceVersionDate "2021.10.24"]
[SourceQuality "1"]

1. Nf3 d5 2. d4 Bf5 3. c4 e6 4. Nc3 c6 5. Qb3 Qb6 6. c5 Qxb3 7. axb3 f6 8. Bf4 a6 9. b4 Ne7 10. e3 g5 11. Bc7 h5 12. h3 Bg6 13. Be2 Nf5 14. Nd2 Nd7 15. b5 e5 16. dxe5 d4 17. bxc6 bxc6 18. exd4 Nxd4 19. Ra5 Nxe5 20. Bxe5 fxe5 21. Nf3 Bf5 22. Nxg5 Nxe2 23. Kxe2 Rb8 24. Rd1 Rg8 25. h4 Rxb2+ 26. Kf1 Rc2 27. Nce4 Rxg5 28. Nxg5 Bxc5 29. f3 Rf2+ 30. Ke1 Rc2 31. Rxa6 Rxg2 32. Rxc6 Bd4 33. Ne6 Rg1+ 34. Ke2 Rg2+ 35. Ke1 Rg1+ 36. Ke2 Rg2+ 37. Ke1 1/2-1/2

[Event "SA-2017-0-00605"]
[Site "LSS email"]
[Date "2017.11.03"]
[Round "?"]
[White "Karlsson, Patrik"]
[Black "Sloboda, Vasilij"]
[Result "1/2-1/2"]
[WhiteElo "2143"]
[BlackElo "2188"]
[PlyCount "54"]
[EventDate "2017.10.16"]
[EventType "tourn (corr)"]
[EventRounds "6"]
[EventCountry "GER"]
[SourceTitle "Corr 2022"]
[Source "ChessBase"]
[SourceDate "2021.10.24"]
[SourceVersion "1"]
[SourceVersionDate "2021.10.24"]
[SourceQuality "1"]

1. e4 e6 2. d4 d5 3. Nc3 Nf6 4. e5 Nfd7 5. f4 c5 6. Nf3 Nc6 7. Be3 a6 8. Qd2 b5 9. dxc5 Bxc5 10. Bxc5 Nxc5 11. Qf2 Qb6 12. Bd3 b4 13. Ne2 a5 14. 0-0 Ba6 15. Rfd1 Ne7 16. Ned4 a4 17. Qe3 0-0 18. g4 Rfe8 19. Rab1 h6 20. f5 exf5 21. gxf5 b3 22. axb3 Bxd3 23. cxd3 Nxb3 24. Re1 Nxd4 25. Nxd4 Rab8 26. Kh1 Nc6 27. Nxc6 Qxc6 1/2-1/2

[Event "CP-2017-P-00017"]
[Site "LSS email"]
[Date "2017.09.27"]
[Round "?"]
[White "Jenneborg, Seved"]
[Black "Sloboda, Vasilij"]
[Result "1/2-1/2"]
[WhiteElo "1914"]
[BlackElo "2187"]
[PlyCount "62"]
[EventDate "2017.10.01"]
[EventType "tourn (corr)"]
[EventRounds "6"]
[EventCountry "GER"]
[SourceTitle "Corr 2022"]
[Source "ChessBase"]
[SourceDate "2021.10.24"]
[SourceVersion "1"]
[SourceVersionDate "2021.10.24"]
[SourceQuality "1"]

1. e4 e6 2. d4 d5 3. e5 c5 4. c3 Qb6 5. Nf3 Nc6 6. a3 Nh6 7. b4 cxd4 8. cxd4 Nf5 9. Bb2 Bd7 10. g4 Nfe7 11. Nc3 Na5 12. Qc2 Nc4 13. Bxc4 dxc4 14. Nd2 Qc6 15. Nce4 c3 16. Qxc3 Nd5 17. Qf3 Qc2 18. 0-0 Qxb2 19. Nc4 Qxd4 20. Rac1 b5 21. Ncd6+ Bxd6 22. Nxd6+ Kd8 23. Qxf7 Qxg4+ 24. Kh1 Rb8 25. Rg1 Qf4 26. Qxf4 Nxf4 27. Rxg7 Rf8 28. Nf7+ Ke8 29. Nd6+ Kd8 30. Nf7+ Ke8 31. Nd6+ Kd8 1/2-1/2

[Event "CP-2017-P-00017"]
[Site "LSS email"]
[Date "2017.09.27"]
[Round "?"]
[White "Pauk, Jozef"]
[Black "Sloboda, Vasilij"]
[Result "0-1"]
[WhiteElo "755"]
[BlackElo "2187"]
[PlyCount "46"]
[EventDate "2017.10.01"]
[EventType "tourn (corr)"]
[EventRounds "6"]
[EventCountry "GER"]
[SourceTitle "Corr 2022"]
[Source "ChessBase"]
[SourceDate "2021.10.24"]
[SourceVersion "1"]
[SourceVersionDate "2021.10.24"]
[SourceQuality "1"]

1. Nf3 d5 2. d4 c6 3. c3 Nf6 4. Bg5 Ne4 5. Nbd2 Nxg5 6. Nxg5 e5 7. Ngf3 e4 8. Ne5 f6 9. Nec4 dxc4 10. e3 f5 11. Nxc4 Be6 12. Ne5 Nd7 13. Qh5+ g6 14. Nxg6 Bf7 15. Qxf5 Bxg6 16. Qe6+ Qe7 17. Qb3 0-0-0 18. Bc4 Qg5 19. g3 Bh5 20. d5 Ne5 21. Kf1 Qf5 22. Rd1 Bxd1 23. Qxd1 Nxc4 0-1

[Event "CP-2017-P-00017"]
[Site "LSS email"]
[Date "2017.09.27"]
[Round "?"]
[White "Sloboda, Vasilij"]
[Black "Krueger, Hilmar"]
[Result "1/2-1/2"]
[WhiteElo "2187"]
[BlackElo "2244"]
[PlyCount "38"]
[EventDate "2017.10.01"]
[EventType "tourn (corr)"]
[EventRounds "6"]
[EventCountry "GER"]
[SourceTitle "Corr 2022"]
[Source "ChessBase"]
[SourceDate "2021.10.24"]
[SourceVersion "1"]
[SourceVersionDate "2021.10.24"]
[SourceQuality "1"]

1. Nf3 Nf6 2. c4 e6 3. Nc3 Bb4 4. Qc2 0-0 5. a3 Bxc3 6. Qxc3 b6 7. b4 Bb7 8. Bb2 d6 9. e3 e5 10. d4 a5 11. Be2 exd4 12. Qxd4 Nbd7 13. 0-0 Re8 14. Rfd1 Qe7 15. Qh4 h6 16. Nd4 Ne5 17. Nf5 Qe6 18. Nd4 Qe7 19. Nf5 Qe6 1/2-1/2

[Event "RA-2017-0-00532"]
[Site "LSS email"]
[Date "2017.08.18"]
[Round "?"]
[White "Sacerdotali, Sergio"]
[Black "Sloboda, Vasilij"]
[Result "1/2-1/2"]
[WhiteElo "2146"]
[BlackElo "1996"]
[PlyCount "56"]
[EventDate "2017.07.27"]
[EventType "tourn (corr)"]
[EventRounds "6"]
[EventCountry "GER"]
[SourceTitle "Corr 2022"]
[Source "ChessBase"]
[SourceDate "2021.10.24"]
[SourceVersion "1"]
[SourceVersionDate "2021.10.24"]
[SourceQuality "1"]

1. d4 d5 2. c4 c6 3. Nf3 Nf6 4. Nc3 e6 5. e3 Nbd7 6. Bd3 dxc4 7. Bxc4 b5 8. Bd3 a6 9. a4 b4 10. Ne4 c5 11. 0-0 Bb7 12. Ned2 Be7 13. Qe2 0-0 14. a5 Qc7 15. Rd1 Rfd8 16. Nc4 Be4 17. Bxe4 Nxe4 18. Bd2 Rac8 19. Rac1 Qb7 20. Be1 g6 21. h3 Rc7 22. Ncd2 Nxd2 23. Rxd2 Rdc8 24. Rdc2 Bd6 25. dxc5 Nxc5 26. Rc4 Nb3 27. Rxc7 Rxc7 28. Rxc7 Qxc7 1/2-1/2

[Event "SA-2017-0-00593"]
[Site "LSS email"]
[Date "2017.08.16"]
[Round "?"]
[White "Sloboda, Vasilij"]
[Black "Misericordia, Antonio"]
[Result "1/2-1/2"]
[WhiteElo "1996"]
[BlackElo "2353"]
[PlyCount "44"]
[EventDate "2017.07.24"]
[EventType "tourn (corr)"]
[EventRounds "6"]
[EventCountry "GER"]
[SourceTitle "Corr 2022"]
[Source "ChessBase"]
[SourceDate "2021.10.24"]
[SourceVersion "1"]
[SourceVersionDate "2021.10.24"]
[SourceQuality "1"]

1. Nf3 e6 2. c4 Nf6 3. Nc3 d5 4. d4 dxc4 5. e4 Bb4 6. Bg5 c5 7. Bxc4 h6 8. Bxf6 Qxf6 9. e5 Qd8 10. 0-0 cxd4 11. Nxd4 0-0 12. Rc1 Bc5 13. Nf3 Bd7 14. Ne4 Bb6 15. Qe2 Bc6 16. b4 a6 17. Rfd1 Qe7 18. Nd6 Rd8 19. Nd4 Qg5 20. Nf3 Qe7 21. Nd4 Qg5 22. Nf3 Qe7 1/2-1/2

[Event "SA-2017-0-00593"]
[Site "LSS email"]
[Date "2017.08.16"]
[Round "?"]
[White "Watson, Roland"]
[Black "Sloboda, Vasilij"]
[Result "1-0"]
[WhiteElo "2299"]
[BlackElo "1996"]
[PlyCount "57"]
[EventDate "2017.07.24"]
[EventType "tourn (corr)"]
[EventRounds "6"]
[EventCountry "GER"]
[SourceTitle "Corr 2022"]
[Source "ChessBase"]
[SourceDate "2021.10.24"]
[SourceVersion "1"]
[SourceVersionDate "2021.10.24"]
[SourceQuality "1"]

1. e4 e6 2. d4 d5 3. Nc3 Nf6 4. e5 Nfd7 5. f4 c5 6. Nf3 Nc6 7. Be3 a6 8. Qd2 b5 9. a3 Qb6 10. Ne2 c4 11. g4 h5 12. gxh5 Rxh5 13. h4 Qc7 14. f5 Rxf5 15. Ng5 Nb6 16. Ng3 c3 17. Qxc3 b4 18. Qd2 Rxf1+ 19. Rxf1 Nc4 20. Qd3 f5 21. c3 Nxb2 22. Qe2 bxc3 23. Qh5+ Kd8 24. Qh8 Ke8 25. Nh7 Qf7 26. Nh5 Nd3+ 27. Ke2 Qxh5+ 28. Kxd3 Qf7 29. Rg1 1-0

[Event "SB-2017-0-00505"]
[Site "LSS email"]
[Date "2017.08.01"]
[Round "?"]
[White "Habes, Jiri"]
[Black "Sloboda, Vasilij"]
[Result "1/2-1/2"]
[WhiteElo "1966"]
[BlackElo "1996"]
[PlyCount "47"]
[EventDate "2017.06.23"]
[EventType "tourn (corr)"]
[EventRounds "6"]
[EventCountry "GER"]
[SourceTitle "Corr 2022"]
[Source "ChessBase"]
[SourceDate "2021.10.24"]
[SourceVersion "1"]
[SourceVersionDate "2021.10.24"]
[SourceQuality "1"]

1. d4 d5 2. c4 c6 3. Nc3 Nf6 4. Nf3 e6 5. e3 Nbd7 6. Bd3 dxc4 7. Bxc4 b5 8. Bd3 a6 9. e4 c5 10. d5 Qc7 11. 0-0 Bb7 12. Re1 c4 13. Bc2 Bd6 14. Bg5 0-0-0 15. b3 b4 16. dxe6 fxe6 17. Na4 c3 18. Qe2 h6 19. Be3 Ng4 20. Ba7 Bxh2+ 21. Kh1 Rhf8 22. Rad1 Be5 23. Kg1 Bh2+ 24. Kh1 1/2-1/2

[Event "SB-2017-0-00505"]
[Site "LSS email"]
[Date "2017.07.30"]
[Round "?"]
[White "Sloboda, Vasilij"]
[Black "Koronowski, Heinz Juergen"]
[Result "1/2-1/2"]
[WhiteElo "1996"]
[BlackElo "1984"]
[PlyCount "61"]
[EventDate "2017.06.23"]
[EventType "tourn (corr)"]
[EventRounds "6"]
[EventCountry "GER"]
[SourceTitle "Corr 2022"]
[Source "ChessBase"]
[SourceDate "2021.10.24"]
[SourceVersion "1"]
[SourceVersionDate "2021.10.24"]
[SourceQuality "1"]

1. Nf3 Nf6 2. c4 g6 3. Nc3 d5 4. Qa4+ Bd7 5. Qb3 dxc4 6. Qxc4 a6 7. d4 b5 8. Qb3 c5 9. dxc5 Bg7 10. e4 Bc6 11. Ne5 0-0 12. f3 Nfd7 13. Nd3 Bb7 14. Be3 Nc6 15. Nb4 e6 16. Nxc6 Bxc6 17. Be2 Rb8 18. a3 a5 19. 0-0 b4 20. axb4 Rxb4 21. Qc2 Qc7 22. Rfb1 Rfb8 23. Ra3 Qa7 24. Nd1 a4 25. Qd2 Qb7 26. Rd3 Rb3 27. Rxb3 Qxb3 28. Rc1 Bxb2 29. Nxb2 Qxb2 30. Rc2 Qb1+ 31. Rc1 1/2-1/2